[Event "Rated Blitz game"]
[Site "?"]
[Date "2021.11.14"]
[Round "?"]
[White "vogelj"]
[Black "khalid_ontawar"]
[Result "1-0"]
[WhiteElo "2472"]
[BlackElo "2476"]
[PlyCount "37"]
[EventDate "2021.??.??"]
[EventType "blitz"]

1. e4 e5 2. Nf3 d5 3. Nxe5 Qe7 4. d4 f6 5. Qh5+ g6 6. Nxg6 Qxe4+ 7. Be2 Qxg6 8.
Qxd5 h5 9. O-O Bd6 10. Re1 Ne7 11. Bb5+ Nd7 12. Nc3 Qf7 13. Qf3 O-O 14. Bh6 Re8
15. Ne4 Kh7 16. Bd2 a6 17. Ng5+ fxg5 18. Qxf7+ Kh8 19. Qxe8+ {Normal} 1-0

[Event "Rated Blitz tournament gC6uzu0p"]
[Site "?"]
[Date "2021.11.14"]
[Round "?"]
[White "starypolak"]
[Black "Madjrs72"]
[Result "0-1"]
[WhiteElo "2463"]
[BlackElo "2321"]
[PlyCount "54"]
[EventDate "2021.??.??"]
[EventType "blitz"]

1. e4 e5 2. Nf3 d5 3. Nc3 dxe4 4. Nxe4 f5 5. Ng3 Nc6 6. Bb5 Bd6 7. O-O Nf6 8.
d4 e4 9. Ne5 O-O 10. Bc4+ Kh8 11. Nf7+ Rxf7 12. Bxf7 f4 13. Ne2 f3 14. Ng3 Bg4
15. Re1 Bxg3 16. hxg3 Nxd4 17. Be3 Ne2+ 18. Kh2 Qe7 19. Bc4 Qe5 20. Bxe2 Qh5+
21. Kg1 fxe2 22. Qd2 Bf3 23. Bg5 Rf8 24. Bxf6 gxf6 25. gxf3 exf3 26. Qd7 Rg8
27. Qf5 Qxf5 {Normal} 0-1

[Event "Rated Blitz game"]
[Site "?"]
[Date "2021.11.14"]
[Round "?"]
[White "Nadigraj"]
[Black "Fantastic_power06"]
[Result "0-1"]
[WhiteElo "2767"]
[BlackElo "2825"]
[PlyCount "90"]
[EventDate "2021.??.??"]
[EventType "blitz"]

1. e4 e5 2. Nf3 d5 3. d4 dxe4 4. Nxe5 Bd6 5. Nc4 Nc6 6. c3 Bf5 7. Be2 Nf6 8.
O-O h5 9. Nba3 a6 10. Nxd6+ Qxd6 11. Nc4 Qe6 12. Bg5 O-O-O 13. Ne3 Bg4 14. d5
Bxe2 15. Qxe2 Nxd5 16. Bxd8 Nf4 17. Qc4 Qxc4 18. Nxc4 Rxd8 19. Rad1 Re8 20. g3
Nd3 21. Rd2 b5 22. Ne3 Nce5 23. Kg2 Nf3 24. Re2 h4 25. Rd1 Rh8 26. Nf1 f5 27.
h3 g5 28. Re3 g4 29. Rdxd3 exd3 30. hxg4 fxg4 31. gxh4 Nxh4+ 32. Kg1 Nf3+ 33.
Kg2 Rd8 34. Kg3 d2 35. Nxd2 Nxd2 36. b3 Nc4 37. bxc4 bxc4 38. Kxg4 Rd2 39. f4
Rg2+ 40. Kf3 Rxa2 41. f5 Ra5 42. Re2 Rxf5+ 43. Ke4 Rf6 44. Kd4 Rc6 45. Re5 Kb7
{Time forfeit} 0-1

[Event "Rated Blitz game"]
[Site "?"]
[Date "2021.11.14"]
[Round "?"]
[White "Catinlove"]
[Black "King_bg03"]
[Result "0-1"]
[WhiteElo "2697"]
[BlackElo "2763"]
[PlyCount "176"]
[EventDate "2021.??.??"]
[EventType "blitz"]

1. e4 e5 2. Nf3 d5 3. d4 exd4 4. Qxd4 Nf6 5. exd5 Qxd5 6. Nc3 Qxd4 7. Nxd4 a6
8. Bg5 Be7 9. Bd3 O-O 10. O-O-O c5 11. Nf5 Bxf5 12. Bxf5 Nc6 13. Rhe1 Rfe8 14.
g3 Nd4 15. Bh3 Nf3 16. Rxe7 Rxe7 17. Bxf6 gxf6 18. Nd5 Re2 19. Nxf6+ Kg7 20.
Nh5+ Kh6 21. Bg4 Rxf2 22. h4 f6 23. Nxf6 Ne5 24. Rd6 Rf1+ 25. Bd1 Ng6 26. h5
Kg7 27. Ne4 Ne5 28. h6+ Kg8 29. Nxc5 Ng4 30. Kd2 Ne5 31. Be2 Rf2 32. Nd3 Nc4+
33. Ke1 Rxe2+ 34. Kxe2 Nxd6 35. Nc5 Re8+ 36. Kd3 Rc8 37. Ne6 Nf5 38. c4 Nxg3
39. b4 Nf5 40. c5 Nxh6 41. Kc4 Kf7 42. Ng5+ Kg6 43. Ne4 Nf7 44. Nd6 Nxd6+ 45.
Kd5 Nf7 46. a4 Rd8+ 47. Ke6 Rd4 48. b5 axb5 49. a5 Rb4 50. Kd7 Rc4 51. Kc7
Rxc5+ 52. Kb6 Rc4 53. Kxb5 Rc1 54. Kb6 Rb1+ 55. Kc7 Ra1 56. a6 Rxa6 57. Kxb7
Ra4 58. Kc7 Rc4+ 59. Kb6 Re4 60. Kb5 Rf4 61. Kc5 Rf5+ 62. Kd4 h5 63. Ke4 Kg5
64. Ke3 h4 65. Ke4 Rf4+ 66. Kd5 Nh6 67. Ke6 h3 68. Ke7 h2 69. Ke6 Rf3 70. Kd5
Rg3 71. Ke6 Rg4 72. Ke7 Rf4 73. Kd8 Rf5 74. Ke8 Rf6 75. Kd8 Nf7+ 76. Kc8 Ne5
77. Kb8 Rf5 78. Kc7 Rf7+ 79. Kd6 Rf8 80. Ke6 Rg8 81. Kxe5 Rg7 82. Ke4 Rg6 83.
Kf3 Rf6+ 84. Kg2 Rf5 85. Kh1 Rf3 86. Kg2 Rg3+ 87. Kh1 Rf3 88. Kxh2 Rf2+ {
Time forfeit} 0-1

[Event "Rated Blitz tournament fenQq7xO"]
[Site "?"]
[Date "2021.11.14"]
[Round "?"]
[White "Serezha139"]
[Black "Maltinho"]
[Result "0-1"]
[WhiteElo "2426"]
[BlackElo "2591"]
[PlyCount "58"]
[EventDate "2021.??.??"]
[EventType "blitz"]

1. e4 e5 2. Nf3 d5 3. exd5 Bd6 4. Nc3 Nf6 5. d4 e4 6. Ne5 Nbd7 7. Nc4 O-O 8.
Nxd6 cxd6 9. Be2 h6 10. O-O Nb6 11. Re1 Nbxd5 12. Nxd5 Nxd5 13. c4 Nf6 14. d5
Bf5 15. Be3 Qd7 16. Qd4 b6 17. Bxh6 Bg6 18. Bg5 Ng4 19. Bxg4 Qxg4 20. Be7 Rfe8
21. Bxd6 Rad8 22. Bg3 b5 23. c5 f5 24. Bd6 f4 25. f3 exf3 26. Qf2 Be4 27. Rxe4
Rxe4 28. Rd1 fxg2 29. Qxg2 Qxd1+ {Normal} 0-1

[Event "Rated Blitz game"]
[Site "?"]
[Date "2021.11.14"]
[Round "?"]
[White "kingsolver2018"]
[Black "Benny_Watts_2005"]
[Result "0-1"]
[WhiteElo "2475"]
[BlackElo "2377"]
[PlyCount "112"]
[EventDate "2021.??.??"]
[EventType "blitz"]

1. e4 e5 2. Nf3 d5 3. Nxe5 Bd6 4. d4 dxe4 5. f4 exf3 6. Nxf3 Nf6 7. Bc4 O-O 8.
O-O c5 9. d5 a6 10. a4 Bg4 11. Bg5 Nbd7 12. h3 Bh5 13. Nbd2 h6 14. Bh4 Qc7 15.
g4 Bg6 16. Qe1 Rfe8 17. Qf2 Rab8 18. c3 b5 19. axb5 axb5 20. Ba2 c4 21. Bb1
Bxb1 22. Raxb1 Nxd5 23. Rbe1 Ne5 24. Ne4 Nd3 25. Qd4 Re7 26. Qxd5 Nxe1 27. Nxe1
Rd8 28. Bxe7 Bh2+ 29. Kh1 Rxd5 30. Bh4 Be5 31. Nf3 f6 32. Bf2 Rd3 33. Kg2 Qc6
34. Re1 Bf4 35. Nd4 Qd5 36. Kg1 Be5 37. Nf5 Kh7 38. h4 Rd1 39. Neg3 Rxe1+ 40.
Bxe1 Qd1 41. Kf2 Qxg4 42. Kg2 Bxg3 43. Nxg3 Qxh4 44. Bf2 Qg4 45. Kg1 Qd1+ 46.
Kh2 Qc2 47. Kg2 Qxb2 48. Ne4 Qc2 49. Kf3 Qd3+ 50. Be3 b4 51. cxb4 c3 52. Nf2
Qb1 53. Ke2 Qxb4 54. Nd3 Qc4 55. Bc1 h5 56. Ke3 h4 {Normal} 0-1

[Event "Rated Blitz game"]
[Site "?"]
[Date "2021.11.14"]
[Round "?"]
[White "bolero_queen"]
[Black "King_bg03"]
[Result "1-0"]
[WhiteElo "2551"]
[BlackElo "2740"]
[PlyCount "79"]
[EventDate "2021.??.??"]
[EventType "blitz"]

1. e4 e5 2. Nf3 d5 3. exd5 e4 4. Ne5 Qe7 5. d4 exd3 6. f4 f6 7. Bxd3 fxe5 8.
O-O Nf6 9. fxe5 Ng4 10. e6 Qc5+ 11. Kh1 Nf2+ 12. Rxf2 Qxf2 13. Nc3 g6 14. Ne4
Qb6 15. Nf6+ Kd8 16. Ne4 Be7 17. c4 Rf8 18. Bh6 Rf5 19. c5 Bxc5 20. Nxc5 Rxd5
21. Bf8 Bxe6 22. Qe2 Rxc5 23. Bxc5 Qxc5 24. Qxe6 Nd7 25. Rd1 Qe7 26. Qg8+ Qf8
27. Qxh7 Qe7 28. Qg8+ Qf8 29. Qxg6 Qf6 30. Qg4 Qd6 31. Bb5 Nf6 32. Rxd6+ cxd6
33. Qe6 a6 34. Qxf6+ Kc8 35. Qf8+ Kc7 36. Qxa8 Kb6 37. Qg8 Ka5 38. Qg3 b6 39.
Qe3 Kxb5 40. Qe1 {Time forfeit} 1-0

[Event "Rated Blitz tournament fenQq7xO"]
[Site "?"]
[Date "2021.11.14"]
[Round "?"]
[White "Zhigalko_Andrey"]
[Black "Maltinho"]
[Result "1-0"]
[WhiteElo "2658"]
[BlackElo "2592"]
[PlyCount "113"]
[EventDate "2021.??.??"]
[EventType "blitz"]

1. e4 e5 2. Nf3 d5 3. exd5 Bd6 4. d4 e4 5. Ne5 Nf6 6. Bb5+ c6 7. dxc6 bxc6 8.
Nxc6 Qb6 9. c4 Nxc6 10. d5 O-O 11. Bxc6 Bg4 12. Qb3 Qc7 13. Bxa8 Rxa8 14. Nc3
Rb8 15. Qc2 Qxc4 16. h3 Bh5 17. g4 Bg6 18. Qe2 Qb4 19. O-O Re8 20. Bg5 Nd7 21.
f4 f6 22. Bh4 e3 23. Rad1 Nc5 24. f5 Bf7 25. Qb5 Rb8 26. Qxb4 Rxb4 27. Rfe1
Rxb2 28. Rxe3 h5 29. Re2 Rb4 30. Bf2 hxg4 31. hxg4 Rxg4+ 32. Kf1 Bh5 33. Rb1
Rc4 34. Rc2 Bg4 35. Rbc1 Bxf5 36. Nb5 Rxc2 37. Rxc2 Bxc2 38. Nxd6 Bd3+ 39. Ke1
Ne4 40. Nxe4 Bxe4 41. d6 Bc6 42. Bxa7 Kf7 43. Bb8 Ke6 44. Kf2 Kd7 45. a4 g5 46.
a5 f5 47. a6 Ba8 48. a7 g4 49. Kg3 Bc6 50. Kf4 Ba8 51. Bc7 Be4 52. Bb6 Kc8 53.
Bf2 Kd7 54. Bg3 Ba8 55. Kg5 Bb7 56. Kf6 Ba8 57. Kxf5 {Time forfeit} 1-0

[Event "Rated Rapid game"]
[Site "?"]
[Date "2021.11.14"]
[Round "?"]
[White "Narek0725"]
[Black "Pashkomarku"]
[Result "0-1"]
[WhiteElo "2315"]
[BlackElo "2410"]
[PlyCount "42"]
[EventDate "2021.??.??"]
[EventType "rapid"]

1. e4 e5 2. Nf3 d5 3. d4 dxe4 4. Nxe5 Bd6 5. Nc4 Nc6 6. Ne3 Nf6 7. Be2 Bf4 8.
c3 O-O 9. Nd2 Ne7 10. Qc2 Bxe3 11. fxe3 Qd5 12. O-O Nf5 13. Nc4 Nh4 14. g3 Nf3+
15. Bxf3 exf3 16. Nd2 Bg4 17. e4 Qh5 18. Rf2 Rfe8 19. e5 Nd5 20. Ne4 f5 21.
exf6 Bf5 {Normal} 0-1

[Event "Rated Blitz game"]
[Site "?"]
[Date "2021.11.14"]
[Round "?"]
[White "petergo"]
[Black "DOOGE228"]
[Result "0-1"]
[WhiteElo "2486"]
[BlackElo "2420"]
[PlyCount "78"]
[EventDate "2021.??.??"]
[EventType "blitz"]

1. e4 e5 2. Nf3 d5 3. Nxe5 Bd6 4. d4 dxe4 5. Nc4 Nf6 6. Nc3 O-O 7. Bg5 Be7 8.
Be2 Nc6 9. Bxf6 Bxf6 10. Nxe4 Bxd4 11. O-O Re8 12. Bf3 Be6 13. Ne3 Bxb2 14. Rb1
Be5 15. Qxd8 Nxd8 16. Nc5 Bxa2 17. Rbd1 c6 18. c4 Bf4 19. Rc1 Bd6 20. Ne4 Be5
21. Nc5 Bd4 22. Nxb7 Nxb7 23. Bxc6 Nc5 24. Bxa8 Rxa8 25. Nf5 Bf6 26. Rfd1 g6
27. Nd6 a5 28. Rd5 Nb3 29. Rcd1 a4 30. Ne4 Na5 31. Nxf6+ Kg7 32. Ne4 Nxc4 33.
Rd7 a3 34. Ng5 Nb2 35. Ra1 Bc4 36. f4 a2 37. Rc7 Rb8 38. Nf3 Nd3 39. Rxc4 Rb1+
{Normal} 0-1

[Event "Rated Blitz game"]
[Site "?"]
[Date "2021.11.14"]
[Round "?"]
[White "supertoys"]
[Black "Jomajo"]
[Result "0-1"]
[WhiteElo "2525"]
[BlackElo "2659"]
[PlyCount "118"]
[EventDate "2021.??.??"]
[EventType "blitz"]

1. e4 e5 2. Nf3 d5 3. exd5 e4 4. Nd4 Qxd5 5. Nb3 Nf6 6. Nc3 Qe5 7. Be2 Nc6 8.
h3 Bd6 9. d4 exd3 10. cxd3 O-O 11. d4 Qe7 12. O-O h6 13. Bf3 Rd8 14. Be3 Bf5
15. a3 Ne4 16. Re1 Nxc3 17. bxc3 Qf6 18. Bg4 Bg6 19. Qf3 Qxf3 20. Bxf3 Rab8 21.
a4 Ne7 22. a5 b6 23. a6 Nf5 24. Bd2 Nh4 25. Bb7 Bc2 26. Nc1 Ng6 27. Ne2 Bd3 28.
Ng3 Kf8 29. Ne4 Be7 30. Re3 Bc2 31. Rc1 Bb3 32. c4 Ba4 33. Ng3 Bd7 34. Re2 Bd6
35. Ne4 Ba3 36. Ra1 Be7 37. c5 Bf5 38. cxb6 cxb6 39. Bc3 Nf4 40. Re3 Nd5 41.
Bxd5 Rxd5 42. g4 Bg6 43. Rae1 Rc8 44. Ng3 Bg5 45. Rf3 Kg8 46. Ne4 Be7 47. Nd2
Bf8 48. h4 h5 49. g5 b5 50. Ne4 b4 51. Bb2 Ra5 52. d5 Rxa6 53. d6 Bxd6 54. Nxd6
Rxd6 55. Re7 a5 56. Ra7 Rd5 57. Re3 Rd2 58. Bd4 Rxd4 59. Rxa5 Rg4+ {Normal} 0-1

[Event "Rated Blitz game"]
[Site "?"]
[Date "2021.11.14"]
[Round "?"]
[White "Itibster"]
[Black "khalid_ontawar"]
[Result "1-0"]
[WhiteElo "2401"]
[BlackElo "2486"]
[PlyCount "125"]
[EventDate "2021.??.??"]
[EventType "blitz"]

1. e4 e5 2. Nf3 d5 3. d4 dxe4 4. Nxe5 Be6 5. Nc3 Nf6 6. Bg5 Be7 7. Bxf6 gxf6 8.
Nc4 f5 9. f3 exf3 10. Qxf3 c6 11. O-O-O O-O 12. d5 cxd5 13. Nxd5 Bxd5 14. Rxd5
Bg5+ 15. Kb1 Qe7 16. Bd3 f4 17. Qh5 f5 18. h4 Bf6 19. Bxf5 Nc6 20. Rd7 Rae8 21.
Rxe7 Rxe7 22. c3 Rfe8 23. Rf1 b5 24. Nd6 Rd8 25. Ne4 Be5 26. Qg5+ Kf8 27. Bxh7
Rxh7 28. Rxf4+ Bxf4 29. Qxf4+ Rf7 30. Qh6+ Kg8 31. Qxc6 Rdd7 32. Qxb5 Rde7 33.
Qg5+ Kh8 34. Nf6 Rg7 35. Qh6+ Rh7 36. Nxh7 Kg8 37. Nf6+ Kf7 38. Qh7+ Ke6 39.
Qxe7+ Kxe7 40. Ne4 Ke6 41. g4 Ke5 42. Ng3 Kf4 43. h5 Kg5 44. Ne4+ Kh6 45. Kc2
a6 46. Kd3 Kg7 47. Kc4 Kh6 48. Kc5 Kg7 49. Kb6 Kh6 50. Kxa6 Kg7 51. Kb6 Kh6 52.
a4 Kg7 53. a5 Kh6 54. a6 Kg7 55. a7 Kf7 56. a8=Q Ke6 57. Qd5+ Ke7 58. Qe5+ Kf7
59. Nd6+ Kf8 60. Qf6+ Kg8 61. Qe7 Kh8 62. h6 Kg8 63. Qg7# {Normal} 1-0

[Event "Rated Blitz game"]
[Site "?"]
[Date "2021.11.14"]
[Round "?"]
[White "Rumple_DarkOne"]
[Black "Erow"]
[Result "0-1"]
[WhiteElo "2679"]
[BlackElo "2747"]
[PlyCount "24"]
[EventDate "2021.??.??"]
[EventType "blitz"]

1. e4 e5 2. Nf3 d5 3. exd5 e4 4. Qe2 Nf6 5. d3 Bb4+ 6. Bd2 O-O 7. Bxb4 exf3 8.
Qxf3 Re8+ 9. Be2 Bg4 10. O-O Bxf3 11. Bxf3 Nxd5 12. Bd2 c6 {Normal} 0-1

[Event "Rated Blitz tournament eV7wJ1cu"]
[Site "?"]
[Date "2021.11.14"]
[Round "?"]
[White "der_Leo1234"]
[Black "Razario90"]
[Result "1-0"]
[WhiteElo "2441"]
[BlackElo "2403"]
[PlyCount "85"]
[EventDate "2021.??.??"]
[EventType "blitz"]

1. e4 e5 2. Nf3 d5 3. Nxe5 Bd6 4. d4 dxe4 5. Nc4 Be7 6. Nc3 Nf6 7. Be2 Be6 8.
Ne3 O-O 9. O-O c6 10. f3 exf3 11. Bxf3 Na6 12. Kh1 Nb4 13. a3 Nbd5 14. Nexd5
Nxd5 15. Ne4 f5 16. Ng3 Bf6 17. Qe2 Re8 18. c3 Bh4 19. Qd3 Bxg3 20. hxg3 Qd6
21. Bxd5 Bxd5 22. Bf4 Qg6 23. Rae1 h6 24. Be5 Be4 25. Qc4+ Kh7 26. Kg1 Rad8 27.
a4 Rxe5 28. dxe5 Qxg3 29. Qe2 Qxe5 30. Qe3 Rd6 31. Rf4 Rg6 32. Re2 Qd6 33. Rd2
Qe5 34. g3 h5 35. Rh2 Rg5 36. Kf2 g6 37. Ke1 Qd5 38. Rd2 Qe5 39. Rd7+ Kh6 40.
Kf2 c5 41. a5 b6 42. a6 Rg4 43. Rxg4+ {Normal} 1-0

[Event "Rated Blitz game"]
[Site "?"]
[Date "2021.11.14"]
[Round "?"]
[White "shilalovly"]
[Black "DOOGE228"]
[Result "0-1"]
[WhiteElo "2340"]
[BlackElo "2422"]
[PlyCount "34"]
[EventDate "2021.??.??"]
[EventType "blitz"]

1. e4 e5 2. Nf3 d5 3. exd5 e4 4. Qe2 Nf6 5. Nc3 Be7 6. Nxe4 O-O 7. d3 Re8 8.
Be3 Nxd5 9. O-O-O f5 10. Bd2 fxe4 11. dxe4 Nb6 12. Kb1 Be6 13. Bg5 Qc8 14. Bxe7
Rxe7 15. Ng5 Nc6 16. c4 h6 17. Nxe6 Qxe6 {Normal} 0-1

[Event "Rated Blitz game"]
[Site "?"]
[Date "2021.11.14"]
[Round "?"]
[White "Zeppski88"]
[Black "Adim_Ayub"]
[Result "1-0"]
[WhiteElo "2470"]
[BlackElo "2346"]
[PlyCount "99"]
[EventDate "2021.??.??"]
[EventType "blitz"]

1. e4 e5 2. Nf3 d5 3. exd5 e4 4. Ne5 Qxd5 5. d4 exd3 6. Nxd3 Nf6 7. Nc3 Qd8 8.
Bg5 Be7 9. Qd2 h6 10. Bh4 O-O 11. O-O-O Nc6 12. h3 Bf5 13. g4 Bh7 14. f4 Ne4
15. Nxe4 Bxe4 16. Bxe7 Qxe7 17. Bg2 Bxg2 18. Qxg2 Qe3+ 19. Qd2 Rfe8 20. Rde1
Qxd2+ 21. Kxd2 Nd4 22. Rhf1 Rad8 23. Rxe8+ Rxe8 24. Rf2 Kf8 25. c3 Nb5 26. Re2
Rxe2+ 27. Kxe2 Nd6 28. b3 Ke7 29. Ke3 Nb5 30. c4 Nd6 31. Kd4 c6 32. Nc5 b6 33.
Nd3 f6 34. c5 Nb5+ 35. Kc4 Na3+ 36. Kc3 Nb5+ 37. Kb4 Nd4 38. a4 Kd7 39. Kc4 Ne6
40. cxb6 axb6 41. b4 Kc7 42. a5 bxa5 43. bxa5 Kb7 44. Nc5+ Nxc5 45. Kxc5 Kc7
46. a6 g6 47. f5 gxf5 48. gxf5 h5 49. h4 Kd7 50. a7 {Normal} 1-0

[Event "Rated Blitz game"]
[Site "?"]
[Date "2021.11.14"]
[Round "?"]
[White "Magionator"]
[Black "Fletov"]
[Result "0-1"]
[WhiteElo "2443"]
[BlackElo "2362"]
[PlyCount "46"]
[EventDate "2021.??.??"]
[EventType "blitz"]

1. e4 e5 2. Nf3 d5 3. Nxe5 Bd6 4. d4 dxe4 5. Nc4 Be7 6. Nc3 Nf6 7. Be2 O-O 8.
O-O Bf5 9. Ne3 Bg6 10. b3 Bb4 11. Bb2 c5 12. d5 a6 13. d6 Bxc3 14. Bxc3 Nc6 15.
Bc4 Qd7 16. Bxf6 gxf6 17. Nd5 Qf5 18. a4 Kh8 19. Ne7 Nxe7 20. dxe7 Rg8 21. g3
Qe5 22. Qd5 Qxe7 23. Rae1 Rad8 {Normal} 0-1

[Event "Rated Blitz game"]
[Site "?"]
[Date "2021.11.14"]
[Round "?"]
[White "elRope"]
[Black "Adim_Ayub"]
[Result "1-0"]
[WhiteElo "2421"]
[BlackElo "2350"]
[PlyCount "69"]
[EventDate "2021.??.??"]
[EventType "blitz"]

1. e4 e5 2. Nf3 d5 3. exd5 e4 4. Qe2 Nf6 5. Nc3 Be7 6. Nxe4 Nxd5 7. d3 O-O 8.
Qd1 c5 9. Be2 Nc6 10. O-O Bf5 11. Re1 Bg6 12. c3 h6 13. Qb3 b6 14. Bd2 Kh8 15.
Rad1 f5 16. Ng3 Bf7 17. Qa4 Qd7 18. Bc1 g5 19. d4 g4 20. Ne5 Nxe5 21. Qxd7 Nxd7
22. Nxf5 h5 23. Bb5 N7f6 24. Nxe7 a6 25. Bc6 Rad8 26. Nxd5 Bxd5 27. Bxd5 Nxd5
28. dxc5 bxc5 29. Bg5 Rd7 30. c4 Nb6 31. b3 Rxd1 32. Rxd1 Re8 33. Kf1 a5 34.
Rd6 Nc8 35. Rc6 {Normal} 1-0

[Event "Rated Blitz game"]
[Site "?"]
[Date "2021.11.14"]
[Round "?"]
[White "iplayfortnite"]
[Black "Jomajo"]
[Result "0-1"]
[WhiteElo "2631"]
[BlackElo "2636"]
[PlyCount "102"]
[EventDate "2021.??.??"]
[EventType "blitz"]

1. e4 e5 2. Nf3 d5 3. Nxe5 Bd6 4. d4 dxe4 5. Nc3 Bxe5 6. dxe5 Qxd1+ 7. Kxd1
Bg4+ 8. Be2 Bxe2+ 9. Kxe2 Nc6 10. Nxe4 O-O-O 11. Be3 Nxe5 12. Rad1 Ne7 13.
Rxd8+ Rxd8 14. Rd1 Rxd1 15. Kxd1 Ng4 16. Ke2 f6 17. h3 Nxe3 18. Kxe3 b6 19. c4
Kd7 20. g4 Ke6 21. Ng3 c5 22. Nh5 g6 23. Nf4+ Kd6 24. h4 Ke5 25. f3 h6 26. h5
gxh5 27. Nxh5 f5 28. f4+ Ke6 29. g5 Kf7 30. gxh6 Kg6 31. Ng7 Kxh6 32. Ne6 Kg6
33. Nc7 Kf7 34. Nb5 Nc6 35. a3 Ke7 36. Kd3 Kd7 37. Nc3 Nd4 38. Nd5 Ne6 39. b4
Kd6 40. b5 Nd4 41. Ke3 Nxb5 42. Nxb6 Nxa3 43. Nc8+ Kc7 44. Nxa7 Nxc4+ 45. Kd3
Nd6 46. Kc3 Kb7 47. Nb5 Nxb5+ 48. Kc4 Kc6 49. Kd3 Kd5 50. Ke3 c4 51. Kf3 c3 {
Time forfeit} 0-1

[Event "Rated Blitz game"]
[Site "?"]
[Date "2021.11.14"]
[Round "?"]
[White "someoneelse2020"]
[Black "DOOGE228"]
[Result "1-0"]
[WhiteElo "2434"]
[BlackElo "2412"]
[PlyCount "73"]
[EventDate "2021.??.??"]
[EventType "blitz"]

1. e4 e5 2. Nf3 d5 3. Nxe5 Bd6 4. d4 dxe4 5. Nc4 Nf6 6. Nxd6+ Qxd6 7. Be2 O-O
8. O-O Nc6 9. c3 h6 10. Na3 Ne7 11. Nc4 Qe6 12. Bf4 Nfd5 13. Bg3 f5 14. Be5 Ng6
15. a4 Nxe5 16. Nxe5 g5 17. Qb3 c6 18. a5 a6 19. Bc4 Kg7 20. Rae1 Qd6 21. f3
exf3 22. Nxf3 f4 23. Re5 Ne3 24. Re1 Rb8 25. Nd2 Bf5 26. Nf1 Ng4 27. Re7+ Kh8
28. h3 Nf6 29. R7e5 Nh5 30. Be6 Bh7 31. Bg4 Nf6 32. Re6 Qd5 33. Qd1 Nxg4 34.
Qxg4 Bf5 35. Qh5 Bxe6 36. Qxh6+ Kg8 37. Qg6+ {Time forfeit} 1-0

[Event "Rated Blitz game"]
[Site "?"]
[Date "2021.11.14"]
[Round "?"]
[White "youareagmharry"]
[Black "Jomajo"]
[Result "1/2-1/2"]
[WhiteElo "2735"]
[BlackElo "2650"]
[PlyCount "112"]
[EventDate "2021.??.??"]
[EventType "blitz"]

1. e4 e5 2. Nf3 d5 3. exd5 e4 4. Qe2 Qe7 5. Nd4 Nf6 6. Nc3 Qe5 7. Ndb5 a6 8. d4
Qe7 9. Na3 b5 10. Nab1 b4 11. Na4 Nxd5 12. c4 Nf6 13. Bg5 Bf5 14. Nd2 Nbd7 15.
g4 Bxg4 16. Qxg4 Nxg4 17. Bxe7 Bxe7 18. Nxe4 f5 19. Ng3 g6 20. Bg2 O-O-O 21. h3
Ngf6 22. O-O-O Bd6 23. Rhe1 Rhe8 24. Bc6 Rxe1 25. Rxe1 Nb8 26. d5 Nxc6 27. dxc6
Bxg3 28. fxg3 Ne4 29. g4 Rd6 30. gxf5 gxf5 31. Rf1 Rxc6 32. b3 Rf6 33. Nb2 f4
34. Nd3 f3 35. Nxb4 f2 36. Nd3 Rf3 37. Kc2 Rxh3 38. c5 Re3 39. b4 Kb7 40. a4
Kc6 41. Ne5+ Kd5 42. Ng4 Rg3 43. Nxf2 Rg2 44. Kd3 Rxf2 45. Rh1 Rf3+ 46. Ke2 Rf7
47. Ke3 Re7 48. Rh5+ Kc4 49. Rh4 Kxb4 50. Kd4 Kxa4 51. Kd5 Kb5 52. c6 a5 53.
Rh1 Nd2 54. Rd1 Nb3 55. Rb1 a4 56. Re1 Rxe1 {Normal} 1/2-1/2

[Event "Rated Blitz tournament 5KIiPxn9"]
[Site "?"]
[Date "2021.11.14"]
[Round "?"]
[White "Sokol1488"]
[Black "DOOGE228"]
[Result "1-0"]
[WhiteElo "2476"]
[BlackElo "2430"]
[PlyCount "73"]
[EventDate "2021.??.??"]
[EventType "blitz"]

1. e4 e5 2. Nf3 d5 3. exd5 e4 4. Qe2 Nf6 5. d3 Qxd5 6. Nfd2 Nc6 7. dxe4 Qe5 8.
c3 Be6 9. f3 O-O-O 10. Nc4 Qh5 11. Bf4 Bc5 12. Nbd2 Rhe8 13. O-O-O h6 14. Be3
Bf8 15. g4 Qg6 16. Bg2 Nd7 17. h3 f6 18. f4 Bg8 19. Nb3 Qf7 20. Ncd2 a5 21. a4
g5 22. e5 gxf4 23. Bxc6 fxe3 24. Bxd7+ Rxd7 25. Qxe3 Kb8 26. Rhf1 Bg7 27. Nc5
Rde7 28. e6 Rxe6 29. Nxe6 Rxe6 30. Qd3 Rd6 31. Qb5 c6 32. Qb6 Qa2 33. Ne4 Qa1+
34. Kc2 Qxa4+ 35. Kc1 Qxe4 36. Rxd6 Qe3+ 37. Qxe3 {Normal} 1-0

[Event "Rated Blitz game"]
[Site "?"]
[Date "2021.11.13"]
[Round "?"]
[White "M_FIDE"]
[Black "melanger"]
[Result "1/2-1/2"]
[WhiteElo "2520"]
[BlackElo "2503"]
[PlyCount "132"]
[EventDate "2021.??.??"]
[EventType "blitz"]

1. e4 e5 2. Nf3 d5 3. Nxe5 Bd6 4. d4 dxe4 5. Nc4 Nf6 6. Nc3 O-O 7. Be2 Nc6 8.
Bg5 Be7 9. d5 Nxd5 10. Qxd5 Bxg5 11. Qxd8 Bxd8 12. Nxe4 Re8 13. Ng3 Nd4 14. Ne3
Rxe3 15. fxe3 Nxc2+ 16. Kf2 Nxa1 17. Rxa1 Bh4 18. Bf3 c6 19. Rd1 Be6 20. a3 Kf8
21. b4 Rb8 22. Ke2 Bxg3 23. hxg3 Ke7 24. g4 h6 25. Rc1 a6 26. Rc5 f6 27. Be4
Rd8 28. Bf3 Rd6 29. Rc1 Bd5 30. e4 Be6 31. Ke3 Rd7 32. Rc5 Kd6 33. Rc1 Re7 34.
Rc5 b6 35. Rc1 Rc7 36. Kf4 c5 37. Rd1+ Ke7 38. Rc1 c4 39. Rc3 b5 40. e5 g5+ 41.
Ke4 Rd7 42. exf6+ Kxf6 43. Ke3 Ke5 44. Rc1 Rd3+ 45. Ke2 Rxa3 46. Rh1 Rb3 47.
Ra1 Bc8 48. Kd2 Rxb4 49. Kc3 Rb3+ 50. Kc2 Kd4 51. Re1 Ra3 52. Re8 Bd7 53. Rd8
Ra2+ 54. Kb1 Rf2 55. Rxd7+ Kc3 56. Rd6 b4 57. Rxa6 b3 58. Rd6 Rf1+ 59. Rd1 Rf2
60. Re1 Kb4 61. Bd5 c3 62. Bf3 Rb2+ 63. Kc1 Rc2+ 64. Kb1 Rb2+ 65. Ka1 Ra2+ 66.
Kb1 Rb2+ {Normal} 1/2-1/2

[Event "Rated Blitz game"]
[Site "?"]
[Date "2021.11.13"]
[Round "?"]
[White "ma_long_ma"]
[Black "King_bg03"]
[Result "1/2-1/2"]
[WhiteElo "2619"]
[BlackElo "2720"]
[PlyCount "62"]
[EventDate "2021.??.??"]
[EventType "blitz"]

1. e4 e5 2. Nf3 d5 3. exd5 e4 4. Qe2 Qe7 5. Nd4 Nf6 6. Nc3 Nbd7 7. d3 exd3 8.
Qxe7+ Bxe7 9. Bxd3 Nb6 10. Nf5 Bxf5 11. Bxf5 Nfxd5 12. Nxd5 Nxd5 13. c3 O-O 14.
Be4 Rad8 15. O-O c6 16. g3 f5 17. Bf3 Bf6 18. Kg2 Rfe8 19. Rd1 g5 20. h3 Kg7
21. a4 Kg6 22. a5 h5 23. a6 b6 24. Bxd5 Rxd5 25. Rxd5 cxd5 26. Be3 Re6 27. Kf3
g4+ 28. hxg4 fxg4+ 29. Kg2 h4 30. gxh4 Bxh4 31. Rd1 g3 {Normal} 1/2-1/2

[Event "Rated Blitz game"]
[Site "?"]
[Date "2021.11.13"]
[Round "?"]
[White "Mamikon_Gharibyan"]
[Black "King_bg03"]
[Result "0-1"]
[WhiteElo "2791"]
[BlackElo "2736"]
[PlyCount "48"]
[EventDate "2021.??.??"]
[EventType "blitz"]

1. e4 e5 2. Nf3 d5 3. d4 exd4 4. Qxd4 Nf6 5. exd5 Qxd5 6. Qxd5 Nxd5 7. Bc4 Be6
8. O-O Nc6 9. Ng5 Nd4 10. Nxe6 fxe6 11. Nc3 Nxc2 12. Rb1 c6 13. Ne4 b5 14. Bb3
Nd4 15. Bd1 Be7 16. Bd2 O-O-O 17. Rc1 Nb4 18. Be3 Nd3 19. Rc3 Nxb2 20. Bg4 Kb7
21. Nc5+ Bxc5 22. Rxc5 Nd3 23. Rg5 g6 24. Rd1 Nf5 {Normal} 0-1

[Event "Rated Blitz game"]
[Site "?"]
[Date "2021.11.13"]
[Round "?"]
[White "VictorAntonBologan"]
[Black "Fantastic_power06"]
[Result "0-1"]
[WhiteElo "2740"]
[BlackElo "2794"]
[PlyCount "92"]
[EventDate "2021.??.??"]
[EventType "blitz"]

1. e4 e5 2. Nf3 d5 3. exd5 e4 4. Ne5 Qxd5 5. d4 exd3 6. Nxd3 Nf6 7. Nc3 Qf5 8.
Bf4 Na6 9. Be2 Be6 10. O-O O-O-O 11. Re1 g5 12. Bg3 Bd6 13. Bf3 Bxg3 14. hxg3
g4 15. Be4 Nxe4 16. Rxe4 h5 17. Qe2 h4 18. Qe3 h3 19. Nf4 hxg2 20. Nxg2 Kb8 21.
Nh4 Qc5 22. Qxc5 Nxc5 23. Re5 b6 24. Rae1 Rd2 25. R5e2 Rhd8 26. b3 Kb7 27. Rxd2
Rxd2 28. Re2 Rd8 29. Ng2 Bd7 30. Ne4 Bc6 31. Nxc5+ bxc5 32. Kf1 Bf3 33. Re1 Rd2
34. Ne3 c4 35. bxc4 c6 36. Rb1+ Kc7 37. Ke1 Re2+ 38. Kf1 Rd2 39. Ke1 Rd8 40. c5
Rh8 41. Kd2 Rh5 42. Rb4 Rxc5 43. Nxg4 Rd5+ 44. Ke3 a5 45. Rf4 Bxg4 46. Rxg4 Rc5
{Time forfeit} 0-1